| 000 | 00000nam##2200000za#4500 |
| 001 | 9.647934 |
| 003 | CaOODSP |
| 005 | 20210615112846 |
| 007 | ta |
| 008 | 150407|2000||||xxc||||| f|0| 0 eng|d |
| 020 | |a0-662-29556-0 |
| 040 | |aCaOODSP|beng |
| 043 | |an-cn--- |
| 086 | 1 |aNE23-93/2000E |
| 110 | 1 |aCanada. |bNational Energy Board. |
| 245 | 10|aCanadian natural gas market: dynamics and pricing |
| 260 | |aCalgary - Alberta : |bNational Energy Board |c2000. |
| 300 | |avii, 61p. : |bfigs., graphs, references ; |c28 cm. |
| 500 | |a"This EMA (energy market assessment)... identifies the factors that affect natural gas prices and describes the current functioning of regional markets in Canada. It does not provide a short-term outlook for supply, demand and prices in Canada. The Board is currently assessing the short-term natural gas supply from the Western Canada Sedimentary Basin. More information on this project will be provided in the near future."--Foreword. |
| 520 | 3 |aThis EMA (energy market assessment)... identifies the factors that affect natural gas prices and describes the current functioning of regional markets in Canada. It does not provide a short-term outlook for supply, demand and prices in Canada. The Board is currently assessing the short-term natural gas supply from the Western Canada Sedimentary Basin. More information on this project will be provided in the near future.--Foreword |
| 563 | |aSoftcover |
| 590 | |a00-51|b2000-12-29 |
| 690 | 07|aEnergy|2gcpds |
| 690 | 07|aPetroleum industry|2gcpds |
| 690 | 07|aMarket analysis|2gcpds |
| 690 | 07|aPrices|2gcpds |
| 775 | 08|tLe marché du gaz naturel au Canada: dynamique et prix |w(CaOODSP)9.681317 |
| 776 | 0#|tCanadian natural gas market, dynamics and pricing : |w(CaOODSP)9.695992 |